000
00286nam a2200121Ia 4500
008
241002s9999 xx 000 0 und d
082
_a
330.1292 CHA
100
_a
Chapra, M. Umar
245
0
_a
Economic System of Islam
260
_a
Karachi:
_c
1971
600
_a
Economics
942
_c
UC
999
_c
18332
_d
18332